Представление документа в формате MARC21

ПолеНазваниеЗначение
  Тип записи a
  Библиографический уровень m
001 Контрольный номер RU\infra-m\znanium\bibl\1903404
005 Дата корректировки 20240827142118.6
008 Кодируемые данные 240312s2024 RU g rus u
020 Индекс ISBN __
a ISBN 978-5-16-009054-2
020 Индекс ISBN __
a ISBN 978-5-16-100027-4 (электр. издание)
040 Источник каталогиз. __
a Служба первич. каталог. Общество с ограниченной ответственностью «ЗНАНИУМ»
041 Код языка издания __
a Код языка текста rus
044 Код страны публикации __
a Код страны публикации RU
080 Индекс УДК __
a Индекс УДК 338(075.8)
084 Индекс другой классификации/Индекс ББК __
2 Источник индекса rubbk
a Индекс другой классификации/Индекс ББК 65.32я73
084 Индекс другой классификации/Индекс ББК __
2 Источник индекса okso
a Индекс другой классификации/Индекс ББК 38.03.01
084 Индекс другой классификации/Индекс ББК __
2 Источник индекса okso
a Индекс другой классификации/Индекс ББК 38.03.02
100 Автор __
a Автор Минаков И.А.
q Полное имя Минаков Иван Алексеевич
u Дополнение Мичуринский государственный аграрный университет
245 Заглавие __
a Заглавие Экономика агропродовольственного рынка
b Продолж. заглавия Учебное пособие
c Ответственность Мичуринский государственный аграрный университет
250 Сведения об издании __
a Основные сведения об издании 1
260 Выходные данные __
a Место издания Москва
b Издательство ООО "Научно-издательский центр ИНФРА-М"
c Дата издания 2023
300 Физическое описание __
a Объем 232 с.
440 Серия __
a Серия Высшее образование: Бакалавриат
520 Аннотация __
a Аннотация В данном учебном пособии изложены теоретические положения формирования и функционирования агропродовольственного рынка. Рассмотрены структура и конъюнктура рынков ресурсов (земли рабочей силы материально-технических и финансовых) сельскохозяйственного сырья и продовольствия. Показана роль государства в развитии рыночной экономики. Для студентов вузов по направлениям «Экономика» и «Менеджмент».
521 Примеч. о цел. назн. __
a Примеч. о целев. назн. ВО - Бакалавриат
650 Тематические рубрики __
a Основная рубрика Экономика. Бухгалтерский учет. Финансы
x Основная подрубрика Экономика сельского хозяйства
655 Указ. предметных рубрик (устаревшее) __
a Жанр/ форма (устаревшее) Учебное пособие
700 Другие авторы __
a Другие авторы Квочкин А.Н.
q Полное имя Квочкин Александр Николаевич
u Дополнение Мичуринский государственный аграрный университет
700 Другие авторы __
a Другие авторы Сабетова Л.А.
q Полное имя Сабетова Людмила Алексеевна
u Дополнение Мичуринский государственный аграрный университет
700 Другие авторы __
a Другие авторы Дубовицкий А.А.
q Полное имя Дубовицкий Александр Алексеевич
856 Электронный адрес документа 4_
a Имя сервера/домена znanium.ru
m Помощь ebs_support@infra-m.ru
n Местонахождение сервера НИЦ ИНФРА-М
u URL https://znanium.ru/catalog/document?id=443248
856 Электронный адрес документа 48
a Имя сервера/домена znanium.ru
d Путь /cover/1903
f Электронное имя 1903404.jpg
u URL https://znanium.ru/cover/1903/1903404.jpg
911 __
u 0030=https://znanium.ru/catalog/document?id=443248